[Event "GRENKE Chess Open 2018"]
[Site "Karlsruhe GER"]
[Date "2018.04.02"]
[Round "9.32"]
[White "Parvanyan, Ashot"]
[Black "Schlosser, Philipp"]
[Result "1/2-1/2"]
[WhiteTitle "FM"]
[BlackTitle "GM"]
[WhiteElo "2379"]
[BlackElo "2510"]
[WhiteFideId "13307550"]
[BlackFideId "4600169"]
[EventDate "2018.03.29"]

1. Nf3 c5 2. c4 Nc6 3. d4 cxd4 4. Nxd4 Nf6 5. Nc3 e6 6. Bg5 Be7 7. e3 O-O 8. Be2
Qa5 9. Bh4 d5 10. O-O Nxd4 11. Qxd4 dxc4 12. Qxc4 Bd7 13. Bf3 Qb6 14. Qe2 Bc6
15. Bxc6 Qxc6 16. Rac1 Rfc8 17. Rfd1 Qc4 18. Bg3 Qxe2 19. Nxe2 Ne4 20. Rxc8+
Rxc8 21. Rd7 Rd8 22. Rxd8+ Bxd8 23. Be5 Bf6 24. Bxf6 Nxf6 25. Nc3 Kf8 26. Kf1
Ke7 27. Ke2 g5 28. h3 h5 29. Kd3 Nd7 30. h4 1/2-1/2

[Event "GRENKE Chess Open 2018"]
[Site "Karlsruhe GER"]
[Date "2018.04.02"]
[Round "9.33"]
[White "Riff, Jean-Noel"]
[Black "Farago, Ivan"]
[Result "1/2-1/2"]
[WhiteTitle "GM"]
[BlackTitle "GM"]
[WhiteElo "2503"]
[BlackElo "2378"]
[WhiteFideId "611190"]
[BlackFideId "700134"]
[EventDate "2018.03.29"]

1. e4 e6 2. d4 d5 3. Nd2 h6 4. Ngf3 Nf6 5. e5 Nfd7 6. Bd3 c5 7. c3 Nc6 8. O-O g5
9. Qe2 Bg7 10. dxc5 Nxc5 11. Bb5 O-O 12. h3 Nd7 13. Bxc6 bxc6 14. Re1 a5 15. Nf1 1/2-1/2

[Event "GRENKE Chess Open 2018"]
[Site "Karlsruhe GER"]
[Date "2018.04.02"]
[Round "9.34"]
[White "Lagunow, Raphael"]
[Black "Bellahcene, Bilel"]
[Result "1/2-1/2"]
[WhiteTitle "FM"]
[BlackTitle "IM"]
[WhiteElo "2368"]
[BlackElo "2488"]
[WhiteFideId "24652644"]
[BlackFideId "696358"]
[EventDate "2018.03.29"]

1. Nf3 d5 2. g3 Nc6 3. d4 Bg4 4. Bg2 Qd7 5. h3 Bxf3 6. exf3 Nf6 7. c3 e6 8. O-O
Bd6 9. f4 h5 10. h4 Ne7 11. Nd2 Nf5 12. Bf3 c5 13. dxc5 Bxc5 14. Kg2 Rc8 15. a4
a6 16. Qe2 g6 17. Rd1 O-O 18. Nf1 Qc7 19. Be3 Nxe3+ 20. Nxe3 Rfe8 21. Re1 Red8
22. Red1 Rd6 23. Nc2 Ba7 24. Ne1 Rdd8 25. Nd3 Qc4 26. Ne5 Qxe2 27. Bxe2 Ne4 28.
Nd3 Kf8 29. Bf3 Ke7 30. Kf1 Nd6 31. Ne5 Rc7 32. Rd2 Rb8 33. Re1 Kf8 34. Nxg6+
fxg6 35. Rxe6 Nc4 36. Rxd5 Kf7 37. f5 gxf5 38. Rh6 Kg7 39. Rxh5 Rf8 40. b3 Nb6
41. Rg5+ Kh8 42. Rh5+ Kg7 43. Rg5+ Kh8 44. Rh5+ 1/2-1/2

[Event "GRENKE Chess Open 2018"]
[Site "Karlsruhe GER"]
[Date "2018.04.02"]
[Round "9.35"]
[White "Kuipers, Stefan"]
[Black "Brink, Barry"]
[Result "1-0"]
[WhiteTitle "IM"]
[BlackTitle "FM"]
[WhiteElo "2468"]
[BlackElo "2353"]
[WhiteFideId "1018400"]
[BlackFideId "1009451"]
[EventDate "2018.03.29"]

1. e4 c5 2. Nf3 e6 3. d4 cxd4 4. Nxd4 Nc6 5. Nc3 Qc7 6. Qd3 Nf6 7. Ndb5 Qb8 8.
Qg3 d6 9. Be3 a6 10. Nd4 Bd7 11. O-O-O Nxd4 12. Bxd4 Bc6 13. Bd3 b5 14. Bxf6
gxf6 15. Rhe1 Bh6+ 16. Kb1 Kf8 17. f4 b4 18. Ne2 Qb6 19. Qh4 Bg7 20. f5 Qc5 21.
Nf4 Bd7 22. fxe6 fxe6 23. e5 f5 24. exd6 Re8 25. Nh5 Qxd6 26. Nxg7 Kxg7 27. Qg5+ 1-0

[Event "GRENKE Chess Open 2018"]
[Site "Karlsruhe GER"]
[Date "2018.04.02"]
[Round "9.36"]
[White "Fries-Nielsen, Jens Ove"]
[Black "Pavlovic, Milos"]
[Result "0-1"]
[WhiteTitle "IM"]
[BlackTitle "GM"]
[WhiteElo "2359"]
[BlackElo "2466"]
[WhiteFideId "1400142"]
[BlackFideId "900389"]
[EventDate "2018.03.29"]

1. d4 d5 2. Nc3 Nf6 3. Bf4 e6 4. e3 Bd6 5. g4 Bxf4 6. exf4 Qd6 7. Qf3 c5 8. dxc5
Qxc5 9. g5 Nfd7 10. Bd3 Nc6 11. Nge2 Nb6 12. a3 Bd7 13. b4 Qe7 14. Nb5 O-O 15.
Qe3 Nxb4 16. Nbd4 Nxd3+ 17. cxd3 Rae8 18. h4 f6 19. gxf6 gxf6 20. Rg1+ Kh8 21.
Nf3 Na4 22. h5 Nc5 23. h6 Rg8 24. Rxg8+ Rxg8 25. Ng3 Bb5 26. Rd1 Qd6 27. Nh5 Rg6
28. Qd4 Qe7 29. a4 Bc6 30. Ke2 Rxh6 31. Rh1 Be8 32. Ng3 Rxh1 33. Nxh1 Bg6 34.
Ne1 b6 35. Ng3 Kg7 36. Kf1 Qd6 37. f5 exf5 38. Ne2 Ne6 39. Qh4 f4 40. d4 Qc7 41.
Qg4 Kf7 42. Kg1 h5 43. Qh4 Qc4 0-1

[Event "GRENKE Chess Open 2018"]
[Site "Karlsruhe GER"]
[Date "2018.04.02"]
[Round "9.37"]
[White "Hirneise, Tobias"]
[Black "Savina, Anastasia"]
[Result "1/2-1/2"]
[WhiteTitle "IM"]
[BlackTitle "IM"]
[WhiteElo "2463"]
[BlackElo "2345"]
[WhiteFideId "24600881"]
[BlackFideId "4196872"]
[EventDate "2018.03.29"]

1. d4 Nf6 2. c4 g6 3. g3 c5 4. dxc5 Qa5+ 5. Nc3 Qxc5 6. e4 d6 7. Be3 Qa5 8. Qd2
Nc6 9. h3 Bg7 10. Rc1 O-O 11. Bg2 Nd7 12. Nge2 Nde5 13. b3 Nb4 14. O-O Bxh3 15.
Nd5 Bxg2 16. Nxe7+ Kh8 17. Kxg2 Qxa2 18. Rh1 Qxd2 19. Bxd2 Rfe8 20. Rxh7+ Kxh7
21. Rh1+ Bh6 22. Bxh6 Rxe7 23. Bf8+ Kg8 24. Bxe7 Kg7 25. Bxd6 Nec6 26. Nf4 a5
27. Nd5 Re8 28. f3 Re6 29. Bf4 f5 30. Bd2 fxe4 31. Bc3+ Kf7 32. Rh7+ Kg8 33.
Rh8+ Kf7 34. fxe4 Rxe4 35. Bxb4 axb4 36. Rh7+ Ke6 37. Rxb7 Re2+ 38. Kh3 Rb2 39.
Nxb4 Ne5 40. Rb6+ Kf5 41. Nd5 g5 42. Ne7+ Ke4 43. Re6 Kd4 44. Nf5+ Ke4 45. Nd6+
Kd4 46. Nf5+ Ke4 47. Ne3 Kd4 48. Nf5+ 1/2-1/2

[Event "GRENKE Chess Open 2018"]
[Site "Karlsruhe GER"]
[Date "2018.04.02"]
[Round "9.38"]
[White "Vijayalakshmi, Subbaraman"]
[Black "Milov, Leonid"]
[Result "1/2-1/2"]
[WhiteTitle "IM"]
[BlackTitle "GM"]
[WhiteElo "2345"]
[BlackElo "2455"]
[WhiteFideId "5004098"]
[BlackFideId "14101068"]
[EventDate "2018.03.29"]

1. Nf3 f5 2. d4 Nf6 3. g3 g6 4. Bg2 Bg7 5. b3 O-O 6. Bb2 a5 7. a4 d6 8. O-O Nc6
9. d5 Nb4 10. c4 c6 11. Ne1 e5 12. dxe6 Bxe6 13. Na3 d5 14. Nd3 Qe7 15. Qc1 Ne4
16. cxd5 Bxd5 17. Nc4 Bxb2 18. Qxb2 Qf6 19. Qxf6 Rxf6 20. Nb6 Re8 21. Nxb4 axb4
22. Nxd5 cxd5 23. Bxe4 Rxe4 24. e3 Re8 1/2-1/2

[Event "GRENKE Chess Open 2018"]
[Site "Karlsruhe GER"]
[Date "2018.04.02"]
[Round "9.39"]
[White "Baskin, Robert"]
[Black "Perske, Thore"]
[Result "0-1"]
[WhiteTitle "IM"]
[BlackTitle "IM"]
[WhiteElo "2339"]
[BlackElo "2447"]
[WhiteFideId "24662402"]
[BlackFideId "12902195"]
[EventDate "2018.03.29"]

1. e4 e6 2. d4 d5 3. exd5 exd5 4. Nf3 Bg4 5. c4 Bb4+ 6. Nc3 Nf6 7. h3 Be6 8.
cxd5 Nxd5 9. Bd2 h6 10. Bd3 O-O 11. O-O c5 12. Ne4 Nd7 13. dxc5 Bxc5 14. Nxc5
Nxc5 15. Bc4 Qf6 16. Bxd5 Bxd5 17. Bc3 Bxf3 18. Bxf6 Bxd1 19. Bd4 Be2 20. Bxc5
Bxf1 21. Bxf8 Bxg2 22. Bxg7 Kxg7 23. Kxg2 Rc8 24. a3 Rc2 25. b4 Rc3 26. a4 Rb3
27. b5 Rb4 28. Ra3 b6 29. Rg3+ Kf6 30. Rf3+ Ke7 31. Re3+ Kf8 32. Ra3 h5 33. Kf3
Kg7 34. Kg3 h4+ 35. Kf3 Kf6 36. a5 Rxb5 37. axb6 axb6 38. Ra4 Kg5 39. Rg4+ Kh5
40. Rg7 Rf5+ 41. Ke3 Rf6 42. f4 Kh6 43. Rg4 Kh7 44. Rxh4+ Rh6 45. Rg4 Rxh3+ 46.
Ke4 Rh6 47. f5 b5 48. Kd5 Rf6 49. Ke5 Rb6 50. Rh4+ Kg7 51. Rg4+ Kh6 52. Rb4 Kg5
53. Ke4 f6 54. Rb1 b4 55. Rg1+ Kh6 56. Rh1+ Kg7 57. Rg1+ Kf7 58. Kd3 Ke7 59.
Re1+ Kd7 60. Kc2 b3+ 61. Kb2 Rb5 62. Re3 Rxf5 63. Kxb3 Rc5 64. Re1 f5 65. Kb4
Kd6 66. Rd1+ Rd5 67. Re1 Re5 68. Rf1 Re4+ 69. Kc3 Ke5 70. Kd3 f4 71. Rf2 Kf5 72.
Re2 Ra4 73. Kd2 Kg4 74. Ke1 Kg3 75. Re8 Ra1+ 76. Kd2 f3 77. Rg8+ Kf2 78. Rf8 Kg2
79. Rg8+ Kf1 80. Rf8 f2 81. Ke3 Ke1 82. Kd4 0-1

[Event "GRENKE Chess Open 2018"]
[Site "Karlsruhe GER"]
[Date "2018.04.02"]
[Round "9.40"]
[White "Zatonskih, Anna"]
[Black "Hess, Max"]
[Result "1/2-1/2"]
[WhiteTitle "IM"]
[BlackTitle "FM"]
[WhiteElo "2446"]
[BlackElo "2338"]
[WhiteFideId "14101572"]
[BlackFideId "24656666"]
[EventDate "2018.03.29"]

1. d4 Nf6 2. Nf3 g6 3. c4 Bg7 4. g3 O-O 5. Bg2 d6 6. O-O Nbd7 7. Nc3 e5 8. e4
exd4 9. Nxd4 Re8 10. h3 a6 11. Be3 Rb8 12. b3 Ne5 13. f4 Ned7 14. Bf2 c5 15. Nc2 1/2-1/2